000 01250cam a2200313 i 4500
001 768714001
003 CO-MdBIC
005 20231124084754.0
007 ta
008 231124t2001 sp ||||| |||| 00| 0 spa d
020 _a84-8164-469-2
040 _bspa.
_aCO-MdFUSB
_cCO-MdFUSB
_dCO-MdFUSBC
_erda
041 _aspa
082 0 4 _aG 231 B2222p
100 1 _aRatzinger, Joseph
245 1 0 _aLa provocación del discurso sobre Dios / Johann Baptist Metz, Joseph Ratzinger, Jürgen Moltmann & Eveline Goodman-Thau ; traducido por Daniel Romero
_c/
264 1 _aMadrid : Trotta
_bTrotta,
_c[2001]
264 4 _c©2001
300 _a114 páginas
_c;
336 _atexto
_btxt
_2rdacontent
337 _2rdamedia
_asin mediación
_bn
338 _2rdacarrier
_avolumen
_bnc
501 _arústico
505 0 0 _a¿Para qué la teología? -- El fin del tiempo -- Dios. Contra el mito de la eternidad del tiempo -- Dios, la culpa y el sufrimiento -- En la presencia de Dios desde el comienzo de los tiempos -- La historiografía como hermenéutica mesiánica -- La provocación del discurso sobre Dios -- Ir con los tiempos
650 7 _aDios
_9178
650 7 _aTeología dogmática
_2embne
_96938
_vHistoria
942 _cBK
945 _ajohan1477
999 _c45049
_d45049